000 00768nam a2200241Ia 4500
003 GCL
008 140319s9999 xx 000 0 ara d
040 _aGCL /
_cGCL
082 0 4 _a614.7
_bا ب
100 1 _aاحسان على محاسنة
245 1 0 _aالبيئة والصحة العامة /
_cاحسان على محاسنة
300 _a143 ص
490 _aالهيئة العامة للاستعلامات
_v0
650 0 4 _aالبيئة
650 0 4 _aالامراض الوراثية
650 0 4 _aالصحة النفسية
650 0 4 _aالصحة العامة
650 0 4 _aالبيئة والانسان
650 0 4 _aالامراض الباطنية
650 0 4 _aسوء التغذية
650 0 4 _aالتغذية - امراض
942 _2ddc
_cBK
999 _c51952
_d51952